000 00457nam a22001697a 4500
003 NUST - PNEC
005 20170116181137.0
008 151007b xxu||||| |||| 00| 0 eng d
020 _a0761997466
040 _cLIBRARY
082 _a658.45 FER
100 _914394
_aFernandez, Joseph,
245 _aCorporate communications : a 21st century primer
_cJoseph, Fernandez
260 _cc2004.
650 _914395
_aPublic relations
_xMIS
942 _2ddc
_cBK
999 _c70300
_d70300